| 000 | 00309nam a22001217a 4500 | ||
|---|---|---|---|
| 082 |
_a954.03 _cAGE _bECI.9 |
||
| 245 | _aIndia To-marrow | ||
| 260 |
_aLondon _bOxford University Press _c1927 |
||
| 300 | _a80 | ||
| 526 |
_a0 _b0 _c0 _d954_030000000000000_AGE |
||
| 700 |
_aIndia To-mmarow _949865 |
||
| 942 |
_2ddc _cBK |
||
| 999 |
_c552609 _d552609 |
||